000 01072nam a2200277Ia 4500
003 OSt
005 20221005103954.0
006 a|||||r|||| 00| 0
007 ta
008 221004b |||||||| |||| 00| 0 hin d
020 _a9788179171301 (hbk)
024 _a26392
037 _bGift, 04/05/2016,
_cTextual
040 _aCRL
_cCRL
_bhin
041 _2hin
_ahin
082 _a4,42, 152Q0
100 _aविलियम्स, रेमंड
245 0 _aटेलीविजन
_b प्रौद्योगिकी और सांस्कृतिक रूप
246 _aṬelīvijana: praudyogikī aur sāanskṛutik rūpa
260 _aदिल्ली
_bग्रंथ शिल्पी भारत
_c2010
300 _a162पृ0
_ccm.
650 _aहिन्दी पत्रकारिता
700 _a राय, दीपू, अनु.
942 _h4,42, 152Q0
_cTEXL
_2cc
999 _c1011409
_d1011409